000
00273nam a2200121Ia 4500
008
241002s9999 xx 000 0 und d
082
_a
954.0357 MAY
100
_a
Mayo, Katherhic
245
0
_a
Mother India
260
_a
New York:
_c
1969
600
_a
History
942
_c
UC
999
_c
18556
_d
18556